000 00248nam a2200097Ia 4500
001 1206774
005 20250827022812.0
008 250824s9999 xx 000 0 und d
245 0 _aMAİ VE SİYAH
_cHALİT ZİYA UŞAKLIGİL
260 _bCAN YAYINLARI
999 _c1206774
_d1206774